| 000 | 00481cam a2200193ua 4500 | ||
|---|---|---|---|
| 020 | _c2.00 | ||
| 041 |
_aeng _h |
||
| 082 |
_a544 _bADI/QU |
||
| 100 | _aAdiseshuvu, Hari . | ||
| 245 |
_aQualitative analysis of simple substances / _cHari Adiseshuvu. _hTextual Documents |
||
| 250 |
_a1 / _b. |
||
| 260 |
_aMadras : _bCentral Art press , _c1952. |
||
| 300 | _a78 ; . | ||
| 365 | _a2.00 | ||
| 504 | _a | ||
| 700 | 1 | _aRamdas, Rao . | |
| 942 | _cBK | ||
| 999 |
_c7492 _d7492 |
||